| 000 | 00856nam a22002297a 4500 | ||
|---|---|---|---|
| 005 | 20180705152404.0 | ||
| 010 | _a1718EN-30 ENG-121821 B-688330-337 | ||
| 020 |
_c90.00 _a9788126050956 |
||
| 035 | _aEN-105353 | ||
| 035 | _aB-688330-337 | ||
| 037 |
_bSahitya Akadmi _adpl |
||
| 037 | _bDBAD/PUB | ||
| 082 | _a881 | ||
| 100 | _aAgnihotri, Rati | ||
| 245 |
_aThe sunset sonata / _cby Rati Agnihotri |
||
| 260 |
_aNew Delhi _bSahitya Academi _c2016 |
||
| 270 |
_bNew Delhi _aRabindra Bhawan, 35, Fiiroz Shah Marg _e110001 |
||
| 300 |
_a58p. _c21cm(pbk) |
||
| 490 | _aNavodaya Series | ||
| 942 |
_2ddc _cEN _mAGN _h881 |
||
| 999 |
_c146214 _d146214 |
||